Historie og filosofi 1 - Bøkene - Statistics

General Stats
  • This quiz has been taken 19 times
    16 since last reset
  • The average score is 6 of 33
Answer Stats
Hint Answer % Correct
Delen av Bibelen som jødedommen og kristendommen deler (ca. 500 f.v.t.) Det gamle testamente
83%
Karl Marx og Friedrich Engels' kjente sosialistiske tekst (1848) Det kommunistiske manifest
67%
Hoveddokumentet fra den amerikanske revolusjonen, ført i pennen av Thomas Jefferson (1776) Uavhengighetserklæringen
50%
G.W.F. Hegels filosofiske hovedverk innen tysk idealisme (1807) Åndens fenomenologi
33%
Karl Marx sitt hovedverk innen økonomi (1867) Das Kapital
33%
Thomas Hobbes' hovedverk om samfunnskontrakt-teori (1651) Leviathan
33%
Aristoteles' hovedverk om etikk (ca. 340-tallet f.v.t.) Den nikomakiske etikk
17%
Niccolo Machiavellis hovedverk innen statsvitenskap (1513, utgitt 1532) Fyrsten
17%
Det eldste eposet i verden, fra Mesopotamia (ca. 2100 f.v.t.) Gilgamesh
17%
Den første historieboken i Vesten (ca. 440 f.v.t.) Herodots historie
17%
Homers to greske epos, de eldste litterære verkene i den vestlige kanon (700-tallet f.v.t.) Iliaden og Odysseen
17%
Immanuel Kants hovedverk innen hans filosofi, kalt transcendental idealisme (1781) Kritikk av den rene fornuft
17%
Hovedverket i teologi skrevet av biskopen Augustin (426) Om Gudsstaten
17%
René Descartes' hovedverk om rasjonalisme og den vitenskapelige metode (1637) Om metoden (også Meditasjoner)
17%
Cicero sitt hovedverk om stoisk etikk (44 f.v.t.) Om pliktene
17%
John Stuart Mill sitt forsvar av liberalisme (1859) On Liberty
17%
Isaac Newtons hovedverk om tyngdekraften og bevegelseslovene (1687) Principia
17%
Jean-Jacques Rousseau sitt hovedverk om folkesuvereniteten og allmennviljen (1762) Samfunnskontrakten
17%
Platons hovedverk om politisk filosofi (ca. 380 f.v.t.) Staten
17%
Liberalismens far, John Lockes hovedverk om naturlige rettigheter (1689) Two Treatises of Government
17%
Thomas More sin humanistiske fantasy-bok (1516) Utopia
17%
Empiristen David Humes filosofiske hovedverk (1738) A Treatise of Human Nature
0%
Mary Wollstonecrafts hovedverk innen feminisme (1792) A Vindication of the Rights of Woman
0%
Amerikansk-engelske liberale og revolusjonære Thomas Paines mest kjente tekster (fra henholdsvis 1776 og 1791) Common Sense og Rights of Man
0%
En humanistisk tekst skrevet av Erasmus (1511) Dårskapens lovtale
0%
Teksten som Martin Luther startet reformasjonen med (1517) De 95 tesene
0%
Hovedverket til Jean Calvin innen kalvinistisk teologi (1536) Den kristne religions lære
0%
Galileo Galileis hovedverk innen astronomi til forsvar for heliosentrismen (1632) Dialog om de to verdenssystemer
0%
Francis Bacons hovedverk om empirisme og den vitenskapelige metode (1620) Novum organum
0%
Nicolaus Copernicus' vitenskapelige bok om heliosentrismen (1543) Om himmelsfærenes omdreininger
0%
Konservatismens far, Edmund Burkes hovedverk (1790) Reflections on the Revolution in France
0%
Hovedverket i teologi skrevet av munken Thomas Aquinas (1265-74) Summa Theologica
0%
Adam Smiths hovedverk om økonomisk liberalisme (1776) The Wealth of Nations
0%
No matching quizzes found
Score Distribution
Percent of People with Each Score
Percentile by Number Answered
Your Score History
You have not taken this quiz since the last reset